Hướng dẫn sử dụng atlas địa lý Việt Nam
Gardado en:
| Autor Principal: | |
|---|---|
| Formato: | Libro |
| Idioma: | Undetermined |
| Publicado: |
Tp. HCM
Tp. HCM
2004
|
| Những chủ đề: | |
| Các nhãn: |
Engadir etiqueta
Sen Etiquetas, Sexa o primeiro en etiquetar este rexistro!
|
| Thư viện lưu trữ: | Trung tâm Học liệu Trường Đại học Cần Thơ |
|---|
| LEADER | 00553nam a2200205Ia 4500 | ||
|---|---|---|---|
| 001 | CTU_59257 | ||
| 008 | 210402s9999 xx 000 0 und d | ||
| 020 | |b 11000 | ||
| 082 | |a 915.970223 | ||
| 082 | |b T527 | ||
| 100 | |a Trần Tuyển | ||
| 245 | 0 | |a Hướng dẫn sử dụng atlas địa lý Việt Nam | |
| 245 | 0 | |c Trần Tuyển | |
| 260 | |a Tp. HCM | ||
| 260 | |b Tp. HCM | ||
| 260 | |c 2004 | ||
| 650 | |a vietnam | ||
| 650 | |x atlases,geography | ||
| 904 | |i Minh | ||
| 980 | |a Trung tâm Học liệu Trường Đại học Cần Thơ | ||